1678 1505 1288 1773 1838 1528 1104 1976 1279 1002 1510 1516 1529 1372 1590 1569 1001 1220 1672 1631 1917 1255 1867 1370 1001 1795 1787 1816 1458 1305 1019 1316 1949 1310 1529 1130 1100 1465 1616 1112 1208 1130 1218 1311 1133 1724 1491 1172 1576 1061 1425 1550 1576 1492 1851 1810 1513 1055 1886 1407 1984 1170 1171 1916 1827 1852 1168 1776 1417 1937 1873 1327 1687 1116 1750 1591 1654 1209 1105 1572 1102 1183 1826 1014 1227 1510 1698 1486 1221 1958 1125 1706 1311 1605 1040 1348 1601 1414 1490 BCNSPRNW ULIB Ver.6.0+V

เปลี่ยนเป็นภาษาไทย

Change to English
 แสดงรายละเอียดบรรณานุกรม
  กลับหน้าหลัก

Brief Record : Get Marc (ISO 2709) : E-mail record : QR code < ปิดหน้าต่าง
LEADER : 00000nas 2200000uu 4500
001    13399125998
003     ULIB
008    180117s2559||||th 000 0 tha d
022 0  ^a08583560
110 1  ^aวารสารโรงพยาบาลนครพิงค์
245 00 ^aวารสารโรงพยาบาลนครพิงค์^cโรงพยาบาลนครพิงค์
260    ^aเชียงใหม่;^bโรงพยาบาลนครพิงค์,^c2559
310    ^aราย 6 เดือน
850 ^a ULIB^bปีที่ 9 ฉบับที่ 1 ฉ.1 ;ปีที่ 8 ฉบับที่ 2 ฉ.1 ;ปีที่ 8 ฉบับที่ 1 ฉ.1 ;ปีที่ 7 ฉบับที่ 2 ฉ.1 ;ปีที่ 7 ฉบับที่ 1 ฉ.1 ;ปีที่ 7 ฉบับที่ 1 ฉ.1 ;ปีที่ 7 ฉบับที่ 2 ฉ.1
945    ^p0^l0^i905297
945    ^p0^l0^i905296
945    ^p0^l0^i905295
945    ^p0^l0^i905294
945    ^p0^l0^i905293
945    ^p0^l0^i904767
945    ^p0^l0^i904768
999    ^aประนอม เกษจรัล
รายการนี้ยังไม่มีแท็ก
คุณยังไม่ได้ล็อกอิน คุณสามารถมีกิจกรรมร่วมกับเว็บไซต์ได้ แต่ต้องล็อกอินก่อน ::
  ล็อกอิน

รายการสื่อสารสนเทศ (วารสาร)

ดูแบบ: กล่อง รายการ
ARRIVED
ปีที่ 7 ฉบับที่ 1 ฉ.1
สถานที่: ห้องสมุดวิทยาเขตสวรรค์ประชารักษ์ >วารสาร
ARRIVED
ปีที่ 7 ฉบับที่ 2 ฉ.1
สถานที่: ห้องสมุดวิทยาเขตสวรรค์ประชารักษ์ >วารสาร
ARRIVED
ปีที่ 8 ฉบับที่ 1 ฉ.1
สถานที่: ห้องสมุดวิทยาเขตสวรรค์ประชารักษ์ >วารสาร
ARRIVED
ปีที่ 8 ฉบับที่ 2 ฉ.1
สถานที่: ห้องสมุดวิทยาเขตสวรรค์ประชารักษ์ >วารสาร
ARRIVED
ปีที่ 9 ฉบับที่ 1 ฉ.1
สถานที่: ห้องสมุดวิทยาเขตสวรรค์ประชารักษ์ >วารสาร

BibComment


ยังไม่เคยถูกคอมเมนท์

คอมเมนท์ทรัพยากรรายการนี้
  คอมเมนท์: วารสารโรงพยาบาลน..


 Copyright 2026. Bcnsprnw @Library